000 00784nam a22001817a 4500
005 20260327121956.0
008 260327b |||||||| |||| 00| 0 eng d
082 _aUT 1564 B112 2021
100 _aBaba, Mitzi Darryl M.
_970282
245 _aFinancial planning and stress among non-teaching personnel of higher education schools in Digod City /
_cMitzi Darryl M. Baba, Rainier Vince Rosal, and Saint Isidore De Mesa.
260 _aDigos City :
_bUMDC,
_c©July 2021.
300 _aix, 60 pages :
_billustrations (some colors)
_c30 Cm.
500 _aInclude reference and appendices
650 0 _aBusiness Administration
_xUndergraduate thesis.
_970283
700 _aRosal, Rainier Vince
_eresearcher.
_970284
700 _aDe Mesa, Saint Isidore
_eresearcher.
_970285
942 _2ddc
_cUT
999 _c24513
_d24513